000 00296nam a2200121Ia 4500
008 150201s2009 xx 000 0 und d
082 _a610
_bB10D
100 _aBYNES JOHN W
245 _aMEDICAL BIOCHEMISTRY
260 _bMOSBY ELSEVIER
_aDELHI
_c2009
650 _aBIOCHEMISTRY
942 _2ddc
_cBK
_01
999 _c953
_d953